000 01361nam1a2200289 i 4500
001 RU\NLR\bibl\144269
005 20240920065212.0
035 _a(NLR Aleph) 000141340
090 _a809132
_c809132
100 _a20010329g19989999u y0rusy50 ca
101 0 _arus
102 _aRU
105 _aa |||||||||
200 1 _aЭкологическая экспертиза
_eУчеб. пособие для студентов вузов
_fС.В. Свергузова
_gМ-во общ. и проф. образования Рос. Федерации, Белгор. гос. технол. акад. строит. материалов
210 _aБелгород
_cИзд-во БелГТАСМ
_d1998
215 _d20
463 0 _1001142848
606 _aЭкологическая экспертиза
_jРуководства, пособия и т.п. для высшей школы
_91598466
_3RU\NLR\auth\661001712
606 _aЭкологическая экспертиза
_jУчебные издания для высшей школы
_91598466
_3RU\NLR\auth\661001712
686 _aУ28(0)я73
700 1 _aСвергузова
_bС. В.
_gСветлана Васильевна
_4070
801 0 _aRU
_bNLR
_c20010329
_gPSBO
801 1 _aRU
_bNLR
_c20010329
830 _aАвт. по кн.
852 _aNLR
_j99-3/19603
942 _cBOOK